Microbiology and soil fertility : (Record no. 164902)

MARC details
000 -LEADER
fixed length control field 00933cam a2200253Ia 4500
008 - FIXED-LENGTH DATA ELEMENTS--GENERAL INFORMATION
fixed length control field
049 ## - LOCAL HOLDINGS (OCLC)
Holding library MAIN
003 - CONTROL NUMBER IDENTIFIER
control field
005 - DATE AND TIME OF LATEST TRANSACTION
control field 20230123134358.0
040 ## - CATALOGING SOURCE
Transcribing agency NUST
100 ## - MAIN ENTRY--PERSONAL NAME
Personal name Biology Colloquium
Number of part/section of a work (25th :
Dates associated with a name 1964 :
Titles and words associated with a name Oregon State University)
245 10 - TITLE STATEMENT
Title Microbiology and soil fertility :
Remainder of title papers presented at the twenty-fifth annual Biology Colloquium /
Statement of responsibility, etc. edited by C. M. Gilmour and O. N. Allen.
260 ## - PUBLICATION, DISTRIBUTION, ETC.
Place of publication, distribution, etc. Corvallis :
Name of publisher, distributor, etc. Oregon State University Press,
Date of publication, distribution, etc. 1965.
300 ## - PHYSICAL DESCRIPTION
Extent xii, 164 p. :
Other physical details ill. ;
Dimensions 24 cm.
440 ## - SERIES STATEMENT/ADDED ENTRY--TITLE
Title Proceedings of the Annual Biology Colloquium ;
Volume/sequential designation 25th.
504 ## - BIBLIOGRAPHY, ETC. NOTE
Bibliography, etc. note Includes bibliographical references.
650 #0 - SUBJECT ADDED ENTRY--TOPICAL TERM
Topical term or geographic name entry element Microorganisms
Form subdivision Congresses.
650 #0 - SUBJECT ADDED ENTRY--TOPICAL TERM
Topical term or geographic name entry element Soil microbiology
Form subdivision Congresses.
650 #0 - SUBJECT ADDED ENTRY--TOPICAL TERM
Topical term or geographic name entry element Soil fertility
Form subdivision Congresses.
700 1# - ADDED ENTRY--PERSONAL NAME
Personal name Gilmour, C. M.
700 1# - ADDED ENTRY--PERSONAL NAME
Personal name Allen, O. N.
907 ## - LOCAL DATA ELEMENT G, LDG (RLIN)
a .b10231936
b 16-08-11
c 15-02-07
942 ## - ADDED ENTRY ELEMENTS (KOHA)
Koha item type Ordinary Loan Books
Holdings
Date last seen Total Checkouts Barcode Cost, replacement price Price effective from Koha item type Lost status Source of classification or shelving scheme Damaged status Not for loan Collection Withdrawn status Home library Current library Shelving location Date acquired Cost, normal purchase price
01/23/2023 1 92003015728 80.00 01/23/2023 BOOKS   lcc     NFIC   MAIN MAIN GEN 01/23/2023 80.00